000 00912nam a2200289 a 4500
003 UPN
005 20250116063828.0
008 991125s1935 sp fr 001 0 spa d
035 _aUPN01000010640
040 _aMX-MxUPN
_bspa
_cMX-MxUPN
041 _aspa
050 4 _aLB1025
_bL8.2 1935
100 1 _aLuzuriaga, Lorenzo,
_d1889-1959
_930333
245 1 0 _aConcepto y desarrollo de la nueva educación
250 _aTercera edición
260 _aMadrid :
_bPublicaciones de la Revista de Pedagogía,
_c1935.
300 _a109 páginas
490 _aLa nueva educación ;
_vI
504 _aIncluye bibliografía
650 4 _aEducación
_9682
650 4 _aEnseñanza
_96215
710 2 _aInstituto Nacional de Pedagogía (México)
_epropietario anterior
_928088
775 0 _tConcepto y desarrollo de la nueva educación
902 _bMaríaRobles/240424
905 _aLibro
942 _2lcc
_cLIBRO
_n0
999 _c10640
_d10640